Samajtattwa parichay/ (Record no. 7618)
[ view plain ]
| 000 -LEADER | |
|---|---|
| fixed length control field | 00572cam a2200217ua 4500 |
| 005 - DATE AND TIME OF LATEST TRANSACTION | |
| control field | 20220922132518.0 |
| 008 - FIXED-LENGTH DATA ELEMENTS--GENERAL INFORMATION | |
| fixed length control field | 150205n ii |||gr||||Z||||||asm |
| 020 ## - INTERNATIONAL STANDARD BOOK NUMBER | |
| International Standard Book Number | 9788191098372 |
| 040 ## - CATALOGING SOURCE | |
| Transcribing agency | MAIN |
| Original cataloging agency | IN-DiNC |
| 041 ## - LANGUAGE CODE | |
| Language code of sung or spoken text | Assamese |
| 082 ## - DEWEY DECIMAL CLASSIFICATION NUMBER | |
| Classification number | 301 |
| Item number | BOR |
| 100 ## - MAIN ENTRY--PERSONAL NAME | |
| Personal name | Borgohain, Himanta., |
| Relator term | Author |
| 245 1# - TITLE STATEMENT | |
| Title | Samajtattwa parichay/ |
| Statement of responsibility, etc. | By Himanta Borgohain |
| 250 ## - EDITION STATEMENT | |
| Edition statement | 1st. |
| 260 ## - PUBLICATION, DISTRIBUTION, ETC. | |
| Place of publication, distribution, etc. | Jorhat: |
| Name of publisher, distributor, etc. | Bidybhawan, |
| Date of publication, distribution, etc. | 2011. |
| 300 ## - PHYSICAL DESCRIPTION | |
| Extent | 299p. |
| 650 ## - SUBJECT ADDED ENTRY--TOPICAL TERM | |
| Topical term or geographic name entry element | Introduction to sociology |
| 700 ## - ADDED ENTRY--PERSONAL NAME | |
| Personal name | Dutta, S., |
| Relator term | Author |
| 942 ## - ADDED ENTRY ELEMENTS (KOHA) | |
| Koha item type | Books |
| Source of classification or shelving scheme | Dewey Decimal Classification |
| 653 ## - INDEX TERM--UNCONTROLLED | |
| Uncontrolled term | Sociology & anthropology |
| Withdrawn status | Lost status | Source of classification or shelving scheme | Damaged status | Not for loan | Collection code | Home library | Current library | Shelving location | Date acquired | Cost, normal purchase price | Full call number | Barcode | Date last seen | Copy number | Price effective from | Koha item type | Total Checkouts | Date due | Date last checked out |
|---|---|---|---|---|---|---|---|---|---|---|---|---|---|---|---|---|---|---|---|
| Dewey Decimal Classification | Sociology | Naharkatiya College Central Library | Naharkatiya College Central Library | General Stacks | 19/09/2020 | 150.00 | 301 | BOR | 21397 | 19/09/2020 | 1 | 19/09/2020 | Books | |||||||
| Dewey Decimal Classification | Sociology | Naharkatiya College Central Library | Naharkatiya College Central Library | General Stacks | 24/12/2020 | 150.00 | 301 | 21396 | 18/02/2021 | 2 | 24/12/2020 | Books | 2 | 06/03/2021 | 18/02/2021 |
